El cuarto estado contable : la dimensión económico-social de los reportes de sustentabilidad /

Guardado en:
Autor Principal: Perera Aldama, Luis.
Formato: Libro
Idioma:Spanish
Publicado: Buenos Aires : EDICON, Fondo Editorial Consejo, 2013.
Edición:1a. ed.
Materias:
Etiquetas: Agregar Etiqueta
Sin Etiquetas, Sea el primero en etiquetar este registro!
LEADER 00834nam a22002295a 4500
001 EAD.ead004404
008 191113s2013####ag############000#0#spa#d
005 20200228115510.0
245 1 3 |a El cuarto estado contable :  |b la dimensión económico-social de los reportes de sustentabilidad /  |c Luis Perera Aldama. 
250 |a 1a. ed. 
260 |a Buenos Aires :  |b EDICON, Fondo Editorial Consejo,  |c 2013. 
300 |a 175 p. ;  |c 24 cm. 
020 |a 9789876601818 
100 1 |a Perera Aldama, Luis. 
082 0 4 |a 657.39  |2 21 
650 7 |a Responsabilidad social de la empresa.  |2 unbist 
650 7 |a Contabilidad social.  |2 unbist 
653 |a Balance social 
650 7 |a Estados contables.  |2 unbist 
651 7 |a América Latina.  |2 unbist 
650 7 |a Estudios de casos.  |2 unbist 
859 |a AR-BaBDC  |b BIB. ADMINISTRACION - Libros  |h 657.39  |i P415  |p b07001